Body Language - Bone - Statistics

General Stats
  • This quiz has been taken 259 times
  • The average score is 6 of 11
Answer Stats
Hint Answer % Correct
Mandible Jawbone
85%
Pelvis Hipbone
83%
"Grandma broke her coccyx down at the sand dunes." Tailbone
72%
Slide instrument. 76 is a good number to have. Trombone
68%
Ankle bone connected to this, which is connected with the knee bone Shinbone
63%
Popular fabric pattern Herringbone
53%
Slang for a physician (archaic) Sawbones
42%
The principal data routes between large interconnected computer networks Backbone
39%
Bone that holds the ribs together Breastbone
29%
A traditional leftover used to make soup Hambone
28%
A blunder that is particularly embarrassing Boner
24%
No matching quizzes found
Score Distribution
Percent of People with Each Score
Percentile by Number Answered
Your Score History
You have not taken this quiz